000 00295nam a22001337a 4500
008 180216b xxu||||| |||| 00| 0 eng d
020 _a9780323040037
041 _aeng
080 _a61
100 _a3
101 _ashm
245 _avirtual clinical excursions
_cgina.l
942 _2udc
_cBK
999 _c42730
_d42730